Florida Representatives (119th Congress) - Statistics

General Stats
  • This quiz has been taken 47 times
  • The average score is 17 of 28
Answer Stats
District Party Serving since... Representative % Correct
1 Republican 2025 Jimmy Patronis
100%
2 Republican 2017 Neal Dunn
100%
28 Republican 2021 Carlos A. Giménez
83%
13 Republican 2023 Anna Paulina Luna
67%
21 Republican 2017 Brian Mast
67%
19 Republican 2021 Byron Donalds
67%
7 Republican 2023 Cory Mills
67%
25 Democratic 2005 Debbie Wasserman Schultz
67%
24 Democratic 2011 Frederica Wilson
67%
17 Republican 2019 Greg Steube
67%
23 Democratic 2023 Jared Moskowitz
67%
3 Republican 2021 Kat Cammack
67%
27 Republican 2021 Maria Elvira Salazar
67%
26 Republican 2003 Mario Díaz-Balart
67%
10 Democratic 2023 Maxwell Frost
67%
6 Republican 2025 Randy Fine
67%
20 Democratic 2022 Sheila Cherfilus-McCormick
67%
16 Republican 2007 Vern Buchanan
67%
4 Republican 2023 Aaron Bean
50%
11 Republican 2011 Daniel Webster
50%
9 Democratic 2017 Darren Soto
50%
5 Republican 2017 John Rutherford
50%
14 Democratic 2007 Kathy Castor
50%
22 Democratic 2013 Lois Frankel
50%
18 Republican 2021 Scott Franklin
50%
15 Republican 2023 Laurel Lee
33%
8 Republican 2025 Mike Haridopolos
33%
12 Republican 2007 Gus Bilirakis
17%
No matching quizzes found
Score Distribution
Percent of People with Each Score
Percentile by Number Answered
Your Score History
You have not taken this quiz